Ecoturismo sostenible (Registro nro. 1772)

Detalles MARC
000 -CABECERA
Campo de control 00761nam a2200241 a 4500
005 - FECHA Y HORA DE LA ULTIMA TRANSACCION
Campo de control 20200104041524.0
008 - ELEMENTOS DE LONGITUD FIJA—INFORMACION GENERAL
Campo de control 140121b1998 ck ||||| |||| 00| 0 spa d
041 ## - IDIOMA
Código de idioma para texto/pista de sonido o título separado Español
044 ## - PAÍS DE PUBLICACIÓN
País de publicación Colombia
090 ## - CLASIFICACIÓN LOCAL
Colección IAvH
Consecutivo 00126
100 ## - ASIENTO PRINCIPAL--NOMBRE PERSONAL
Nombre personal Garay Sarasti, Henry
245 ## - MENCION DE TITULO
Título Ecoturismo sostenible
Parte restante del título una caracterización del potencial que tiene Colombia en Europa Occidental
260 ## - PUBLICACION, DISTRIBUCION, ETC. (PIE DE IMPRENTA)
Lugar de publicación, distribución, etc. Bogotá
Nombre del editor, distribuidor, etc. Instituto Alexander von Humboldt
-- DNP
Fecha de publicación, distribución, etc. 1998
300 ## - DESCRIPCION FISICA
Extensión 176
650 ## - ASIENTO SECUNDARIO DE MATERIA - TERMINO TEMATICO
Término temático o nombre geográfico como elemento de entrada Ecoturísmo
650 ## - ASIENTO SECUNDARIO DE MATERIA - TERMINO TEMATICO
Término temático o nombre geográfico como elemento de entrada Usosostenible
650 ## - ASIENTO SECUNDARIO DE MATERIA - TERMINO TEMATICO
Término temático o nombre geográfico como elemento de entrada Desarrollo sostenible
650 ## - ASIENTO SECUNDARIO DE MATERIA - TERMINO TEMATICO
Término temático o nombre geográfico como elemento de entrada Certificación ambiental
662 ## - ASIENTO SECUNDARIO DE MATERIA - JERARQUIA DEL NOMBRE DE LUGAR(
País o entidad mayor Colombia
700 ## - ASIENTO SECUNDARIO - NOMBRE PERSONAL
Nombre personal Moreno S., Rocío del Pilar
700 ## - ASIENTO SECUNDARIO - NOMBRE PERSONAL
Nombre personal Maldonado, Jorge Higinio
942 ## - ELEMENTOS ADICIONALES (KOHA)
Tipo de ítem Informe Técnico
Sistema de clasificación Local
Koha issues (borrowed), all copies 2
Existencias
Withdrawn status Lost status Sistema de Clasificación Damaged status No para préstamo Colección Inventariado Ubicación Permanente Ubicación actual Fecha de adquisición Total Checkouts Número topográfico Inventario / Código de Barras Date last seen Ejemplar Price effective from Forma de adquisición Tipo de material Public note
    Local     Humboldt Inventariado 2017 Bogotá Bogotá 27/06/2002   IAvH-00126 003865 09/08/2024 Ej. 1 04/12/2012   Informe Técnico Informe final
    Local     Humboldt Inventariado 2017 Bogotá Bogotá 02/07/2002   IAvH-00126 003866 09/08/2024 Ej. 2 04/12/2012 Institucional Informe Técnico Resumen ejecutivo